Najpopularniejsze sporty na świecie wg Google - Statystyki

Ogólne statystyki
  • Ten quiz został rozwiązany 273 razy
  • Średni wynik to 7 z 10
Statystyki odpowiedzi
Lp. Sport % Poprawnych
1 Piłka nożna
100%
3 Koszykówka
95%
9 Siatkówka
95%
7 Tenis
76%
2 Krykiet
62%
4 Futbol amerykański
57%
6 Baseball
47%
5 Golf
46%
10 Pływanie
40%
8 Formuła 1
36%
Nie znaleziono quizów pasujących do podanych kryteriów
Rozkład punktacji
Procent ludzi z każdym wynikiem
Percentyl według liczby udzielonych odpowiedzi
Twoja historia wyników
Nie rozwiązałeś tego quizu